|
|
|
|
| LEADER |
01936nam a2200493 a 4500 |
| 001 |
000118544 |
| 003 |
CZ BrMZK |
| 005 |
20231019113433.0 |
| 008 |
960815s1996 xr e c dcze d |
| 015 |
|
|
|a cnb000184356
|
| 020 |
|
|
|a 80-7035-124-1
|
| 035 |
|
|
|a (OCoLC)37250443
|
| 040 |
|
|
|a BOA001
|b cze
|
| 041 |
1 |
|
|a cze
|a ita
|a eng
|
| 043 |
|
|
|a e-it---
|a e-xr---
|
| 045 |
|
|
|a r-t-
|
| 072 |
|
7 |
|a 72/76
|x Výtvarné umění
|2 Konspekt
|9 21
|
| 080 |
|
|
|a 75(450)
|2 MRF
|
| 080 |
|
|
|a 730(450)
|2 MRF
|
| 080 |
|
|
|a 75.034.3/.6
|2 MRF
|
| 080 |
|
|
|a 730.034.3/.6
|2 MRF
|
| 080 |
|
|
|a 72/76:069.5
|2 MRF
|
| 080 |
|
|
|a (450)
|2 MRF
|
| 080 |
|
|
|a (437.3)
|2 MRF
|
| 080 |
|
|
|a (083.824)
|2 MRF
|
| 245 |
0 |
0 |
|a Italské renesanční umění z českých sbírek :
|b obrazy a sochy : [katalog výstavy] : Šternberský palác, 28.11. 1996 - 7.3. 1997 /
|c [redakce: Růžena Semrádová, Dana Mikulejská]
|
| 246 |
1 |
4 |
|a <<L´ >>arte rinascimantale italiana nelle collezioni cehe
|
| 246 |
1 |
4 |
|a Italian renaissance art from czech collections
|
| 250 |
|
|
|a Vyd. 1.
|
| 260 |
|
|
|a Praha :
|b Národní galerie,
|c 1996
|
| 300 |
|
|
|a 31 s. :
|b barev. il. ;
|c 21 cm
|
| 500 |
|
|
|a Chybí tit. list. - Text též ital. a angl. - Bibliogr.
|
| 648 |
|
7 |
|a 14.-16. století
|7 ch757045
|2 czenas
|
| 650 |
0 |
7 |
|a italské malířství
|7 ph121242
|y 14.-16. století
|2 czenas
|
| 650 |
0 |
7 |
|a italské sochařství
|7 ph121245
|y 14.-16. století
|2 czenas
|
| 650 |
0 |
7 |
|a renesanční malířství
|7 ph117258
|z Itálie
|2 czenas
|
| 650 |
0 |
7 |
|a renesanční sochařství
|7 ph117259
|z Itálie
|2 czenas
|
| 650 |
0 |
7 |
|a umělecké sbírky
|7 ph135222
|z Česko
|2 czenas
|
| 655 |
|
7 |
|a katalogy výstav
|7 fd132536
|2 czenas
|
| 700 |
1 |
|
|a Mikulejská, Dana,
|d 1957-
|7 mzk2006324175
|4 lso
|
| 700 |
1 |
|
|a Semrádová, Růžena,
|d 1931-2009
|7 jx20050805041
|
| 910 |
|
|
|a BOA001
|b X-1027.992
|
| 990 |
|
|
|a BK
|
| 996 |
6 |
|
|b 2610045848
|c X-1027.992
|l MZK
|r Sklad / do 24 hodin
|n 5
|p p.v.
|w 000118544
|u 000010
|a 1
|e BOA001
|j MZK50
|s P
|